000 01023cab a2200289 4500
001 WB3323-23
008 090401t1997 xxu||||| |||| 00| 0 eng d
035 _a(Sirsi) u78840
041 _aeng
245 _aStreamlined PFI
260 _c1997
350 _a0
490 _aEstates Gazette
_v(9723) 7 June 1997, 35
490 _aFinancial Times
_v11 June 1997, 10(3)
520 _aThe Private Finance Property Group and RICS have called for a fundamental rethink of the PFI process, including earlier risk assessment, better training and resourcing of procurers, and bodies to work independently of government. This comes as the number of PFI hospital contracts are reduced.
650 _aBIDDING PROCESS
650 _aPFI
650 _aPRIVATE FINANCE INITIATIVE
650 _aPRIVATE FINANCE PROPERTY GROUP
650 _aProcurement-old
650 _aREVIEW
650 _aRICS
650 _aRISK ASSESSMENT
690 _aPROPERTY-PROPERTY FINANCE AND INVESTMENT
942 _n0
948 _c10/06/1997
999 _c49553
_d49553